00514nam a2200193Ia 450000500170000000800410001702000150005808200210007310000180009424500560011226000390016830000180020765000100022565000130023565000270024865000130027565000200028865000120030820250205054751.0240331s9999 xx 000 0 und d a041515202X bPET22704a305.4 aPettman, J. J 0aWorldling Women:bA Feminist International Politics aLondon;aNew YorkbRoutledgec1996 axiii, 272 p., aWomen aFeminist aInternational Politics aGendered aLabour Division aEconomy